000 01218nam a2200301 i 4500
001 bg
245 0 0 _aFinanse /
_cpod red. Zdzisława Brodeckiego ; [aut.] Zdzisław Brodecki [et al.].
260 _aWarszawa :
_bWydaw. Prawnicze "LexisNexis",
_c2004.
300 _a521, [3] s. ;
_c24 cm.
490 1 _aAcquis Communautaire
504 _aBibliogr. s. 506-516. Indeks.
650 9 _aHarmonizacja prawa
_zPolska
650 9 _aPrawo finansowe
_xprawo wspólnotowe europejskie
_ystan na 2004 r.
650 9 _aPrawo finansowe
_zPolska
_ystan na 2004 r.
650 9 _aUbezpieczenia
_xprawo wspólnotowe europejskie
_ystan na 2004 r.
650 9 _aUbezpieczenia
_xprawo
_zPolska
_ystan na 2004 r.
700 1 _aBrodecki, Zdzisław
_d(1941- ).
_eRed.
830 _aAcquis Communautaire
020 _a8373343008
040 _cBPK
041 0 _apol
080 _a341.12:347.73:347.764:336.76](4-67:438)
920 _a83-7334-300-8
942 _cKS
008 s pl f |000 0 pol
999 _c44694
_d44694
856 _uhttp://koha.tu.koszalin.pl/cgi-bin/koha/opac-detail.pl?biblionumber=44694
_yKatalog online BPK